00745nam a22002177a 4500999001700000003000400017005001700021008004100038020002600079040001000105041000800115082001900123100002400142245006100166250001200227260006800239300002800307650002000335942001200355952016000367 c31890d31890OSt20250422122822.0250422b ||||| |||| 00| 0 eng d a8120818199cRs 125.00 cimukc aeng a510.151bG5661 95845aGlover, J. T. aVedic mathematics for schools. Book 3 /cJames T. Glover a1st ed. aDelhi :bMotilal Banarsidass Publishers Private Limited,c2002. a240 p. :bill. ;c22 cm 0931aMathematics 2ddccBK 00102ddc4070aCLbCLd2025-04-16eGifted by RAdm (Dr.) P J Rangachari (Retd), Director IMU-KCg125.00o510.151 G5661pG01330r2025-04-22w2025-04-22yBK